000 00530nam a2200181 i 4500
001 52105
003 ES-MaACL
005 20230906162522.0
007 t|
008 030825s1971 sp ||||1| spa d
100 1 _aChoquet, Gustave.
_938614
245 1 0 _aTopología /
_cpor Gustave Choquet ; versión Juan Tarrés Freixenet.
250 _a[1ª ed.].
260 _aBarcelona :
_bToray Masson,
_c[1971]
300 _aXII, 318 p. ;
_c26 cm.
700 1 _aTarrés Freixenet, Juan.
_9109344
852 _aES-MaACL
_jC-37331
_bR.77001
999 _c52105
_d52105